Science Quiz

Random Science or Discovery Quiz
Score 0/25 Timer 04:00
2 Plays Today
% Correct
Saxophone
Sax, 1846
92.3%
Telephone
Bell, 1876
92.1%
Assembly Line
Ford, 1913
91.3%
Corn Flakes
Kellogg, 1894
90.5%
Safety Razor
Gillette, 1901
90.1%
Incandescent Light Bulb
Edison, 1878
88.6%
Vulcanized Rubber
Goodyear, c. 1845
88.2%
Revolver
Colt, 1835
87.1%
Electric Guitar
Paul, 1940
77.5%
Dynamite
Nobel, 1867
76.6%
Movable-type Printing Press
Gutenberg, 1439
73.6%
Periodic Table
Mendeleev, 1867
73.6%
Safety Elevator
Otis, 1852
70.6%
% Correct
Steel Plow
Deere, 1837
69.3%
Electric Battery
Volta, 1800
69.3%
Radio
Marconi, 1894
68.8%
Cotton Gin
Whitney, 1793
67.7%
Ballpoint Pen
Biro, 1938
66.2%
Guillotine
Louis, c. 1789
65.4%
Prepared Baby Food
Gerber, 1927
64.4%
Camera Film
Eastman, 1884
62.1%
Helicopter
Sikorsky, 1942
57.6%
Air Conditioner
Carrier, 1902
56.6%
Liquid Fueled Rocket
Goddard, 1914
48.2%
Electronic Television
Farnsworth, 1927
43.9%
Remove Ads.
Support Sporcle.
Get the best of Sporcle when you Go Orange. This ad-free experience offers more features, more stats, and more fun while also helping to support Sporcle. Thank you for becoming a member.

You're not logged in!

Compare scores with friends on all Sporcle quizzes.
OR
Log In

Show Comments

Extras

Top Quizzes Today


Score Distribution

Your Account Isn't Verified!

In order to create a playlist on Sporcle, you need to verify the email address you used during registration. Go to your Sporcle Settings to finish the process.

Report this User

Report this user for behavior that violates our Community Guidelines.

Details: